[Event "Lisbon Portugal rapid 2op"]
[Site "Lisbon"]
[Date "2020.02.02"]
[Round "4"]
[White "Cardoso, Miguel Sanchez"]
[Black "Leao, Tiago Miguel da S"]
[Result "0-1"]
[WhiteElo "1803"]
[BlackElo "2141"]
[PlyCount "92"]
[EventDate "2020.01.02"]
[EventType "swiss (rapid)"]
[EventRounds "8"]
[EventCountry "POR"]
[SourceTitle "CBM 194 Extra"]
[Source "ChessBase"]
[SourceDate "2020.03.31"]
[SourceVersion "1"]
[SourceVersionDate "2020.03.31"]
[SourceQuality "1"]

1. d4 Nf6 2. Nf3 e6 3. e3 d5 4. Bd3 c5 5. 0-0 Nc6 6. c3 Bd6 7. Nbd2 b6 8. Re1 0-0 9. e4 Bf4 10. e5 Nd7 11. g3 Bh6 12. Nf1 Bxc1 13. Rxc1 f6 14. exf6 Qxf6 15. N1d2 e5 16. Bb5 e4 17. Bxc6 Qxc6 18. Nh4 Qf6 19. Qe2 cxd4 20. cxd4 Qxd4 21. Nb3 Qf6 22. Qe3 Ne5 23. Rc2 g5 24. f4 gxf4 25. gxf4 Qxf4 26. Qxf4 Rxf4 27. Ng2 Nf3+ 28. Kf2 Nxe1+ 29. Kxe1 Rf7 30. Ne3 Bb7 31. Nd4 Raf8 32. Ne6 Rf3 33. Rg2+ Kf7 34. Ng5+ Ke7 35. Nxf3 Rxf3 36. Rg7+ Rf7 37. Nf5+ Kf6 38. Rxf7+ Kxf7 39. Nd6+ Ke6 40. Nxb7 Kd7 41. Ke2 Kc7 42. Nc5 bxc5 43. Ke3 Kc6 44. a4 Kb6 45. Kf4 Ka5 46. Ke5 e3 0-1

[Event "Lisbon Portugal rapid 2op"]
[Site "Lisbon"]
[Date "2020.02.02"]
[Round "1"]
[White "Ten Hertog, Hugo"]
[Black "Cardoso, Miguel Sanchez"]
[Result "1-0"]
[WhiteElo "2506"]
[BlackElo "1803"]
[PlyCount "54"]
[EventDate "2020.01.02"]
[EventType "swiss (rapid)"]
[EventRounds "8"]
[EventCountry "POR"]
[SourceTitle "CBM 194 Extra"]
[Source "ChessBase"]
[SourceDate "2020.03.31"]
[SourceVersion "1"]
[SourceVersionDate "2020.03.31"]
[SourceQuality "1"]

1. e4 c5 2. Nf3 d6 3. d4 cxd4 4. Nxd4 a6 5. Nc3 Nf6 6. h3 Nc6 7. g4 Qb6 8. Nb3 e6 9. Be3 Qc7 10. g5 Nd7 11. f4 Be7 12. h4 b5 13. Qf3 Bb7 14. 0-0-0 Nc5 15. Nxc5 dxc5 16. h5 Nd4 17. Rxd4 cxd4 18. Bxd4 Bd6 19. Bxg7 Bxf4+ 20. Kb1 Rg8 21. Nxb5 axb5 22. Bxb5+ Bc6 23. e5 Rc8 24. Bf6 Bxb5 25. Qxf4 Qxc2+ 26. Ka1 Qc4 27. Qe3 Bd7 1-0

[Event "Lisbon National-B"]
[Site "Lisbon"]
[Date "2008.??.??"]
[Round "5"]
[White "Aguiar, Carlos Alberto Bran"]
[Black "Cardoso, Miguel Sanchez"]
[Result "1/2-1/2"]
[WhiteElo "2021"]
[BlackElo "1850"]
[PlyCount "156"]
[EventDate "2008.06.26"]
[EventType "tourn"]
[EventRounds "9"]
[EventCountry "POR"]
[SourceTitle "EXT 2011"]
[Source "ChessBase"]
[SourceDate "2010.11.26"]
[SourceVersion "1"]
[SourceVersionDate "2010.11.26"]
[SourceQuality "1"]

1. c4 f5 2. g3 Nf6 3. Bg2 e6 4. Nc3 Be7 5. Nf3 0-0 6. d4 d6 7. Qc2 Nbd7 8. e4 fxe4 9. Nxe4 Nxe4 10. Qxe4 Nf6 11. Qc2 e5 12. dxe5 dxe5 13. 0-0 e4 14. Rd1 Qe8 15. Nd4 Bc5 16. h3 Qg6 17. Be3 Bf5 18. Qc3 a5 19. a3 a4 20. Rd2 Bd6 21. Nxf5 Qxf5 22. Qc2 Qg6 23. c5 Be5 24. Rad1 c6 25. Kh1 Kh8 26. Qc4 Rfe8 27. Qb4 Qf7 28. Bd4 Bc7 29. Qxb7 Rec8 30. Re2 Rab8 31. Qxc6 Bxg3 32. Qxa4 Bc7 33. Bxf6 Qxf6 34. Qxe4 h6 35. Qd4 Rd8 36. Bd5 Qf5 37. Rd3 Qg5 38. Qe4 Qc1+ 39. Kg2 Qxc5 40. Red2 Qd6 41. f4 Qf6 42. b4 Re8 43. Qf3 Bxf4 44. Rc2 Rbd8 45. Re2 Rf8 46. Be4 Rc8 47. Qg4 Bg5 48. Rf3 Qa6 49. Rxf8+ Rxf8 50. h4 Bxh4 51. Rc2 Qf6 52. Bf3 Bg5 53. Rc8 Qd6 54. Rxf8+ Qxf8 55. Be4 Be3 56. Qg3 Bg5 57. Qf3 Bf4 58. Qg4 Be3 59. Qf5 Qxf5 60. Bxf5 Kg8 61. Kf3 Ba7 62. Bg6 Kf8 63. Ke4 Ke7 64. a4 Kd6 65. a5 Kc6 66. Be8+ Kc7 67. b5 Bc5 68. Kd5 Bg1 69. Bg6 Bf2 70. Ke6 Be1 71. b6+ Kb7 72. Be4+ Ka6 73. Kd7 Bg3 74. b7 Kxa5 75. Ke6 Kb6 76. Kf5 Kc7 77. Kg6 Kb8 78. Bf3 Bc7 1/2-1/2

[Event "Lisbon National-B"]
[Site "Lisbon"]
[Date "2008.??.??"]
[Round "4"]
[White "Cardoso, Miguel Sanchez"]
[Black "Pereira, Edgar"]
[Result "0-1"]
[WhiteElo "1850"]
[BlackElo "2127"]
[PlyCount "60"]
[EventDate "2008.06.26"]
[EventType "tourn"]
[EventRounds "9"]
[EventCountry "POR"]
[SourceTitle "EXT 2011"]
[Source "ChessBase"]
[SourceDate "2010.11.26"]
[SourceVersion "1"]
[SourceVersionDate "2010.11.26"]
[SourceQuality "1"]

1. d4 Nf6 2. Nf3 g6 3. e3 Bg7 4. Bd3 d5 5. 0-0 0-0 6. Nbd2 b6 7. b3 c5 8. Bb2 Nbd7 9. c4 Bb7 10. cxd5 Nxd5 11. a3 cxd4 12. exd4 Nf4 13. Be4 Bxe4 14. Nxe4 Nc5 15. dxc5 Bxb2 16. Ra2 Bg7 17. Rd2 Qc8 18. Rd7 e6 19. b4 Nd5 20. Rxd5 exd5 21. Qxd5 bxc5 22. Nxc5 Rd8 23. Qe4 Re8 24. Qc4 Qf5 25. Rd1 Rad8 26. Rf1 Bf8 27. Rc1 Rc8 28. h3 Red8 29. Ne1 Rd2 30. Ned3 Bxc5 0-1

[Event "Lisbon National-B"]
[Site "Lisbon"]
[Date "2008.??.??"]
[Round "1"]
[White "Marques, Rui Filipe Pereira"]
[Black "Cardoso, Miguel Sanchez"]
[Result "1-0"]
[WhiteElo "2155"]
[BlackElo "1850"]
[PlyCount "119"]
[EventDate "2008.06.26"]
[EventType "tourn"]
[EventRounds "9"]
[EventCountry "POR"]
[SourceTitle "EXT 2011"]
[Source "ChessBase"]
[SourceDate "2010.11.26"]
[SourceVersion "1"]
[SourceVersionDate "2010.11.26"]
[SourceQuality "1"]

1. e4 c5 2. Nc3 e6 3. Nf3 g6 4. d4 cxd4 5. Nxd4 Bg7 6. Ndb5 Ne7 7. Nd6+ Kf8 8. Qf3 f5 9. exf5 gxf5 10. Bg5 h5 11. Bxe7+ Kxe7 12. Nxf5+ exf5 13. Nd5+ Kf7 14. Qxf5+ Bf6 15. Bc4 Kg7 16. 0-0-0 d6 17. Qxf6+ Qxf6 18. Nxf6 Kxf6 19. Rxd6+ Ke7 20. Rg6 Nc6 21. Re1+ Kd7 22. Rg7+ Kd6 23. Bb5 Rh6 24. Rg8 Nd4 25. Bd3 Ne6 26. Bf5 b6 27. Re8 Nf4 28. Bxc8 Nxg2 29. Rd1+ Kc5 30. Re5+ Kc6 31. Bf5 Rg8 32. Be4+ Kc7 33. Rg1 Rf6 34. Rxg2 Rxg2 35. Bxg2 Rxf2 36. Rg5 h4 37. b3 h3 38. Bxh3 Rxh2 39. Bf5 b5 40. Bd3 a6 41. Bxb5 axb5 42. Rxb5 Kc6 43. a4 Rg2 44. Rb4 Kc5 45. Rc4+ Kb6 46. Kb2 Rg3 47. Ka3 Rh3 48. Kb4 Rh5 49. a5+ Kb7 50. Rc5 Rh4+ 51. Kb5 Rh6 52. c4 Rh3 53. b4 Rh6 54. a6+ Ka7 55. Rc7+ Kb8 56. Rc6 Rh5+ 57. Kb6 Rh7 58. a7+ Rxa7 59. Rc8+ Kxc8 60. Kxa7 1-0

[Event "Lisbon Honra"]
[Site "Lisbon"]
[Date "2007.05.26"]
[Round "6"]
[White "Morais, Vitor Mestre"]
[Black "Cardoso, Miguel Sanchez"]
[Result "0-1"]
[WhiteElo "2117"]
[BlackElo "1843"]
[PlyCount "96"]
[EventDate "2007.05.21"]
[EventType "tourn"]
[EventRounds "9"]
[EventCountry "POR"]
[SourceTitle "EXT 2015"]
[Source "ChessBase"]
[SourceDate "2014.11.20"]
[SourceVersion "1"]
[SourceVersionDate "2014.11.20"]
[SourceQuality "1"]

1. e4 c5 2. Nf3 d6 3. d4 cxd4 4. Qxd4 Nc6 5. Bb5 Bd7 6. Bxc6 Bxc6 7. Bg5 Nf6 8. Nc3 h6 9. Bh4 g5 10. Bg3 Bg7 11. 0-0-0 Qb6 12. Qxb6 axb6 13. Rhe1 0-0 14. Nd4 Nh5 15. f3 Nxg3 16. hxg3 Rfd8 17. Kb1 Rd7 18. Rd3 e6 19. Red1 Rad8 20. Nde2 Kf8 21. g4 Ke7 22. b3 Rf8 23. a4 Ra8 24. Nd4 Rad8 25. Ncb5 d5 26. exd5 Rxd5 27. c4 Bxb5 28. cxd5 Bxd3+ 29. Rxd3 Bxd4 30. Rxd4 exd5 31. Kc2 Kd6 32. g3 Re8 33. Kd2 Kc5 34. Rd3 d4 35. f4 Re3 36. Rxe3 dxe3+ 37. Kxe3 Kb4 38. Ke4 Kxb3 39. Kf5 Kxa4 40. fxg5 hxg5 41. Kxg5 b5 42. Kf6 b4 43. g5 b3 44. Kxf7 b2 45. g6 b1Q 46. g7 Qf5+ 47. Ke7 Qe5+ 48. Kf7 Qxg3 0-1

[Event "Lisbon-ch 15th"]
[Site "Lisbon"]
[Date "2005.05.23"]
[Round "10"]
[White "Nanques, Helder Manuel Perei"]
[Black "Cardoso, Miguel Sanchez"]
[Result "1-0"]
[WhiteElo "1902"]
[BlackElo "1689"]
[PlyCount "159"]
[EventDate "2005.05.02"]
[EventType "tourn"]
[EventRounds "11"]
[EventCountry "POR"]
[SourceTitle "CBM 106 Extra"]
[Source "ChessBase"]
[SourceDate "2005.07.01"]
[SourceVersion "1"]
[SourceVersionDate "2005.07.01"]
[SourceQuality "1"]

1. e3 e5 2. d4 exd4 3. exd4 d5 4. Bf4 Bd6 5. Bxd6 Qxd6 6. Bd3 Nf6 7. Nf3 0-0 8. 0-0 Bg4 9. Nbd2 Nc6 10. c3 Rfe8 11. Re1 Rxe1+ 12. Qxe1 Re8 13. Qf1 h6 14. Re1 Re6 15. h3 Bh5 16. Bf5 Rxe1 17. Qxe1 Ne7 18. Bd3 Ng6 19. Ne5 Nf4 20. Bf1 Nd7 21. Nxd7 Qxd7 22. Qe5 g5 23. f3 Bg6 24. b3 a5 25. h4 Ne6 26. hxg5 hxg5 27. g3 a4 28. Bh3 axb3 29. axb3 Bd3 30. Qxg5+ Kf8 31. Qh6+ Ke7 32. Bxe6 Qxe6 33. Qxe6+ fxe6 34. Kf2 b6 35. Ke3 Bc2 36. Kf4 Kf6 37. b4 c5 38. bxc5 bxc5 39. Nf1 cxd4 40. cxd4 Bd3 41. Ne3 Be2 42. Ng4+ Kg6 43. Ne5+ Kf6 44. g4 Bd1 45. g5+ Kg7 46. Kg4 Be2 47. Kg3 Bd1 48. Kf4 Bc2 49. Ng4 Kg6 50. Ne3 Bb1 51. Kg4 Bd3 52. Ng2 Bc2 53. Nh4+ Kg7 54. Kf4 Ba4 55. Ke5 Bd7 56. f4 Bc8 57. Kd6 Kf7 58. Kc5 Bd7 59. Nf3 Ke7 60. Ne5 Ba4 61. Nf3 Bd1 62. Nh4 Bg4 63. f5 exf5 64. Kxd5 f4 65. Ke4 Kd6 66. Kxf4 Bd1 67. g6 Bc2 68. Nf5+ Ke6 69. g7 Kf7 70. Ke5 Ba4 71. d5 Bd7 72. d6 Be8 73. Kf4 Bd7 74. Kg5 Be6 75. Nd4 Bd5 76. Kh6 Ke8 77. Kg6 Kd7 78. Nf5 Bg8 79. Nh6 Be6 80. Nf7 1-0

[Event "Lisbon-ch 15th"]
[Site "Lisbon"]
[Date "2005.05.20"]
[Round "9"]
[White "Cardoso, Miguel Sanchez"]
[Black "Oliveira, Henrique"]
[Result "0-1"]
[WhiteElo "1689"]
[BlackElo "2122"]
[PlyCount "94"]
[EventDate "2005.05.02"]
[EventType "tourn"]
[EventRounds "11"]
[EventCountry "POR"]
[SourceTitle "CBM 106 Extra"]
[Source "ChessBase"]
[SourceDate "2005.07.01"]
[SourceVersion "1"]
[SourceVersionDate "2005.07.01"]
[SourceQuality "1"]

1. c4 e5 2. d3 f5 3. Nf3 Nc6 4. e3 Nf6 5. Be2 Bb4+ 6. Nc3 Bxc3+ 7. bxc3 0-0 8. 0-0 b6 9. d4 Qe7 10. dxe5 Nxe5 11. Nxe5 Qxe5 12. Qd4 Re8 13. Bf3 Rb8 14. Bd5+ Kh8 15. Ba3 d6 16. Bc6 Bd7 17. Bf3 Rbd8 18. Rfd1 h6 19. g3 Ne4 20. Bxe4 fxe4 21. Qxe5 Rxe5 22. Rd5 Rde8 23. Bb2 Bc6 24. Rd4 Ba4 25. Rc1 Bd7 26. Rd5 Bg4 27. Rc2 Bc8 28. Rcd2 Bb7 29. Rxe5 Rxe5 30. Ba3 Kg8 31. Kg2 Kf7 32. Bb2 Ke6 33. Kf1 Ba6 34. Rd4 c5 35. Rd2 Bxc4+ 36. Kg2 Bxa2 37. f4 exf3+ 38. Kxf3 Bd5+ 39. Ke2 Bc4+ 40. Kf3 Rf5+ 41. Kg4 d5 42. e4 h5+ 43. Kh4 dxe4 44. h3 e3 45. Rd8 e2 46. Bc1 Ke7 47. Bg5+ Rxg5 0-1

[Event "Lisbon-ch 15th"]
[Site "Lisbon"]
[Date "2005.05.06"]
[Round "3"]
[White "Santos, Jose Alves"]
[Black "Cardoso, Miguel Sanchez"]
[Result "1-0"]
[WhiteElo "2176"]
[BlackElo "1689"]
[PlyCount "77"]
[EventDate "2005.05.02"]
[EventType "tourn"]
[EventRounds "11"]
[EventCountry "POR"]
[SourceTitle "CBM 106 Extra"]
[Source "ChessBase"]
[SourceDate "2005.07.01"]
[SourceVersion "1"]
[SourceVersionDate "2005.07.01"]
[SourceQuality "1"]

1. e4 d6 2. d4 Nf6 3. f3 c6 4. c4 Qc7 5. Nc3 e5 6. Nge2 Be7 7. Be3 a5 8. Qd2 0-0 9. g4 b6 10. Ng3 Rd8 11. g5 Ne8 12. d5 Na6 13. dxc6 Bf8 14. Nd5 Qxc6 15. Bxb6 Nac7 16. Bxa5 Ba6 17. Nf5 Kh8 18. Nfe3 Rdb8 19. Bc3 Ne6 20. h4 Ra7 21. Be2 Rba8 22. 0-0 Bc8 23. b4 f6 24. b5 Qb7 25. b6 Ra3 26. Bb4 fxg5 27. Bxa3 Rxa3 28. Qb2 Nd4 29. Qxa3 Nxe2+ 30. Kf2 Nf4 31. Nxf4 gxf4 32. Nd5 Qf7 33. Qa7 Bb7 34. a4 Be7 35. a5 Bxd5 36. exd5 Bxh4+ 37. Ke2 Qg6 38. b7 Qg2+ 39. Rf2 1-0